000 01126nam a22003497a 4500
003 CHAP
005 20220329141242.0
008 971010s1956 r 00010 d
010 _a65181
011 _a66153
035 _a74149
040 _cCHAP
090 _aTesis
100 0 0 _aDuarte Rodríguez, Eugenio.
_934304
245 _aProyecto de presa derivadora en el arroyo Temuthé, Zimapán, Hgo.
260 _aChapingo, Méx.,
_c1956
300 _a43 h.
_b: ilus.
500 _a/
502 _aTesis (Ing. Agr. Esp. en Irrigación) -- ENA. Departamento de Irrigación
590 _aALEPH
_b10
_c20130110
_lUCH01
_h1354
590 _aBATCH-UPD
_b10
_c20130110
_lUCH01
_h0448
590 _aBATCH-UPD
_b10
_c20130410
_lUCH01
_h0125
590 _aBATCH-UPD
_b10
_c20130914
_lUCH01
_h1222
590 _aCONVERSION
_b10
_c20130109
_lUCH01
_h1336
650 1 4 _aIrrigación
_xProyectos
_xHidalgo.
_960455
650 1 4 _aPresas
_xHidalgo.
_991489
901 _aBK
942 _cFOLL
949 _bBC
_cTES
_d-141545
_eTS1
_i74149
_si
949 _bBC
_cTES
_d-141546
_eTS2
_fc.2
_i74149
_si
949 _bI
_cTESBD
_d-7001
_eTS1
_h207
_i74149
_si
999 _c65181
_d65181